Environmental pollution and control

Complex environmental problems are often reduced to an inappropriate level of simplicity. While this book does not seek to present a comprehensive scientific and technical coverage of all aspects of the subject matter, it makes the issues, ideas, and language of environmental engineering accessible...

Szczegółowa specyfikacja

Zapisane w:
Opis bibliograficzny
1. autor: Vesilind, P. Aarne
Format: Książka
Język:Undetermined
Wydane: London Butterworth-Heinemann 1990
Hasła przedmiotowe:
Etykiety: Dodaj etykietę
Nie ma etykietki, Dołącz pierwszą etykiete!
Thư viện lưu trữ: Trung tâm Học liệu Trường Đại học Cần Thơ
LEADER 00987nam a2200193Ia 4500
001 CTU_153690
008 210402s9999 xx 000 0 und d
082 |a 628.5 
082 |b V577 
100 |a Vesilind, P. Aarne 
245 0 |a Environmental pollution and control 
245 0 |c P. Aarne Vesilind, Jeffrey Peirce, Ruth F. Weiner 
260 |a London 
260 |b Butterworth-Heinemann 
260 |c 1990 
520 |a Complex environmental problems are often reduced to an inappropriate level of simplicity. While this book does not seek to present a comprehensive scientific and technical coverage of all aspects of the subject matter, it makes the issues, ideas, and language of environmental engineering accessible and understandable to the nontechnical reader. 
650 |a Environmental engineering,Environment Pollution,Kỹ thuật môi trường,Ô nhiễm môi trường 
904 |i Trọng Hải 
980 |a Trung tâm Học liệu Trường Đại học Cần Thơ